Arhbo lyrics - Music from 2022 FIFA world cup - Statistics

General Stats
  • This quiz has been taken 6 times
    4 since last reset
  • The average score is 126 of 414
Answer Stats
Answer % Correct
A
100%
And
67%
and
67%
Arhbo
67%
Down
67%
E'
67%
High
67%
La
67%
Li
67%
Lo
67%
Oh
67%
To
67%
Tonight
67%
Up
67%
We
67%
West
67%
Y
67%
Yalah
67%
YAlah
67%
Aya
33%
Bien
33%
Bienvenido
33%
C'est
33%
East
33%
Fikom
33%
Go
33%
Here
33%
Home
33%
Low
33%
No
33%
On
33%
Para
33%
Plus
33%
Quand
33%
Va
33%
Welcome
33%
Ahora
0%
Amor
0%
Aqui
0%
Atteindra
0%
Augure
0%
Avec
0%
Avoir
0%
Baby
0%
Bailando
0%
Bon
0%
Bonheur
0%
Cambio
0%
Celebrar
0%
Choses
0%
Coeur
0%
Comme
0%
Como
0%
Copa
0%
Dans
0%
Dar
0%
De
0%
Deporte
0%
Des
0%
D'etoiles
0%
Digan
0%
Dime
0%
Dit
0%
Du
0%
El
0%
'El
0%
En
0%
Est
0%
Et
0%
Evident
0%
Fait
0%
Fiebre
0%
Fiesta
0%
Final
0%
Garde
0%
Gente
0%
Going
0%
Gol
0%
Gozar
0%
Hala
0%
Hasta
0%
Hayhm
0%
Hoy
0%
It's
0%
J'ai
0%
Juego
0%
Kilometres
0%
Le
0%
le
0%
Les
0%
Main
0%
Mi
0%
Moi
0%
Monde
0%
Mundo
0%
Musica
0%
Nadie
0%
Nos
0%
Ola
0%
Ou
0%
Panorama
0%
Parar
0%
Penal
0%
Pense
0%
Pleins
0%
Puede
0%
Qatar
0%
Que
0%
Quedar
0%
Quien
0%
Quieren
0%
Qu'on
0%
Realise
0%
Sala
0%
Salam
0%
Si
0%
Siempre
0%
Siente
0%
Sourire
0%
Souvenir
0%
Subtiles
0%
Sueno
0%
Sur
0%
Todos
0%
Toit
0%
Toujours
0%
Tous
0%
Tout
0%
Tu
0%
Un
0%
Una
0%
Unis
0%
Vamos
0%
Viene
0%
Vino
0%
Viviendo
0%
Viviendose
0%
Yeux
0%
No matching quizzes found
Score Distribution
Percent of People with Each Score
Percentile by Number Answered
Your Score History
You have not taken this quiz since the last reset